000 00361nam a2200169Ia 4500
100 _aLarose/Daniel T
650 _aData Mining
942 _cBK
366 _f27
654 _adatamining
245 _aDatamining:Methods and models
260 _bWiley India
_c2006
082 _a5.741
_bLAR
300 _a322
546 _aENGLISH
_cComputers
999 _c34481
_d34481